=LDR 00000nam 2200000 4500 =001 INLIS000000000001582 =005 20230801105856 =035 ##$$a 0010-0823000030 =007 ta =008 230801################f##########0#ind## =082 ##$$a 613.943 07 =084 ##$$a 613.943 07 BUK =245 ##$$a Buku Materi Pelatihan Pemasangan dan Pencabutan AKBK Implant (Norplant) /$c bkkbn =260 ##$$a Jakarta :$b Badan Koordinasi Keluarga Berencana Nasional,$c 1991 =300 ##$$a 69 : $b ilus ; $c 21.2 cm =650 #4$$a KELUARGA BERENCANA =520 ##$$a Pemasangan dan Pencabutan AKBK Implant (Norplant)